Trabajando con mujeres : habilidades sociales y cognitivas /

Propuesta de temas y métodos para el trabajo con mujeres en procesos de comunicación y educación popular. El trabajo está focalizado en el desarrollo y en la potenciación de las propias habilidades sociales de las mujeres, entendido este desarrollo como el adiestramiento y la aplicación de una serie...

Descripción completa

Guardado en:
Detalles Bibliográficos
Autor principal: Gallén, María Antonia (autor)
Formato: Libro
Idioma:Español
Colección:(La Acción Social Cuadernos de Formación ; Serie Morada: Infancia/Familia) 40.
Temas:
Etiquetas: Agrega una etiqueta
Sin etiquetas, Sé el primero en etiquetar este registro!

MARC

LEADER 00000nam^a2200000^a^4500
001 000144744
005 20250521000000.0
009 20260310095810.992
037 |a Acervo ITESO - Biblioteca 
041 |a ESP 
082 |a 361. 8  |b GAL 
100 |a Gallén, María Antonia  |e (autor) 
245 1 0 |a Trabajando con mujeres :  |b habilidades sociales y cognitivas /  |c M.A. Gallén. 
264 |a Madrid, España :  |b Cáritas,  |c 1996 
300 |a 77 p. 
336 |a texto  |b txt  |2 rdacontenido 
337 |a sin mediación  |b n  |2 rdamedio 
338 |a volumen  |b nc  |2 rdasoporte 
440 4 |a (La Acción Social Cuadernos de Formación ;  |v 40.  |p Serie Morada: Infancia/Familia) 
520 |a Propuesta de temas y métodos para el trabajo con mujeres en procesos de comunicación y educación popular. El trabajo está focalizado en el desarrollo y en la potenciación de las propias habilidades sociales de las mujeres, entendido este desarrollo como el adiestramiento y la aplicación de una serie de métodos que les permitan el mejor manejo de su propia vida, para que ésta sea lo más satisfactoria posible tanto en el plano personal como en las relaciones interpersonales. 
649 |a XX 
650 |a Mujeres -  |x Condiciones Sociales y Culturales 
650 |a Habilidades Sociales 
650 |a Desarrollo Cognoscitivo 
650 |a Psicología Cognitiva 
650 |a Metodología Educativa 
650 |a Proceso Educativo 
650 |a Asistencia Social 
650 |a Participación Social 
650 |a Educación y Promoción Popular 
910 |a Fondo General 
920 |a Impresos - Libros 
930 |a Colección General 
905 |a 101 
901 |a 0500073839  |b IT1  |c ACC  |u 20250521 
902 |a https://opac.biblio.iteso.mx/vufind/Record/000144744